| 000 | 00756nam a2200229Ii 4500 | ||
|---|---|---|---|
| 003 | JO-AjNU | ||
| 008 | 230605s9999||||xx |||||||||||||| ||und|| | ||
| 017 | _a2003/8/1813 | ||
| 020 | _a9957-11-459-X | ||
| 040 |
_aJO-AjNU _bara _erda _cJO-AjNU |
||
| 041 | _aara | ||
| 050 | 1 | 4 | _aKMM126.D38.2004 |
| 100 | 3 |
_aالداوودي ، غالب علي, _eauthor _929600 |
|
| 245 | 0 | 0 | _aشرح قانون العمل وتعديلاته |
| 250 | _aط3 | ||
| 264 | 3 | 1 | _aعمان : دار وائل ، 2003 |
| 300 | _a295ص | ||
| 336 |
_atext _btxt _2rdacontent |
||
| 337 |
_aunmediated _bn _2rdamedia |
||
| 338 |
_avolume _bnc _2rdacarrier |
||
| 650 | 4 |
_aقانون العمل -- السلامة المهنية -- الأردن -- تشريعات العمل _929601 |
|
| 999 |
_aA11631 _c15199 _d15199 |
||